000 00547nam a2200181 i 4500
001 bgj
100 1 _aSCIASCIA, Leonardo.
245 1 0 _aOne Way or Another /
_cLeonardo Sciascia ; translated from the Italian by Sacha Rabinovitch.
260 _aLondon [etc.] :
_bPaladin Grafton Books,
_c1989.
300 _a103 pp ;
_c20 cm.
650 9 _aItalian literature
650 9 _aNon-English literature
700 1 _aRABINOVITCH, Sacha.
_etransl.
040 _cBPK
041 0 _aeng
_hita
942 _cKS
008 s uk f |000 0 eng
999 _c48803
_d48803
856 _uhttp://koha.tu.koszalin.pl/cgi-bin/koha/opac-detail.pl?biblionumber=48803
_yKatalog online BPK